|
|
|
|
| LEADER |
00000cam a2200000 c 4500 |
| 001 |
239559606 |
| 003 |
DE-627 |
| 005 |
20251222210434.0 |
| 007 |
tu |
| 008 |
980203s1997 fr ||||| 00| ||fre c |
| 020 |
|
|
|a 2842000595
|9 2-84200-059-5
|
| 035 |
|
|
|a (DE-627)239559606
|
| 035 |
|
|
|a (DE-576)064133311
|
| 035 |
|
|
|a (DE-599)GBV239559606
|
| 035 |
|
|
|a (OCoLC)246125251
|
| 035 |
|
|
|a (OCoLC)38154412
|
| 040 |
|
|
|a DE-627
|b ger
|c DE-627
|e rakwb
|
| 041 |
|
|
|a fre
|
| 044 |
|
|
|c XA-FR
|
| 082 |
0 |
|
|a 345.05
|
| 084 |
|
|
|a 86.10
|2 bkl
|
| 084 |
|
|
|a 86.36
|2 bkl
|
| 100 |
1 |
|
|a Renault-Brahinsky, Corinne
|0 (DE-588)1055800956
|0 (DE-627)793842719
|0 (DE-576)411188534
|4 aut
|
| 109 |
|
|
|a Renault-Brahinsky, Corinne
|a Brahinsky, Corinne
|a Brahinsky, Corinne Renault-
|
| 245 |
1 |
0 |
|a Procédure pénale
|b la poursuite, l'enquête et l'instruction, le jugement, le mineur
|c Corinne Renault-Brahinsky
|
| 264 |
|
1 |
|a Paris
|b Gualino
|c 1997
|
| 300 |
|
|
|a 192 S
|b graph. Darst
|
| 336 |
|
|
|a Text
|b txt
|2 rdacontent
|
| 337 |
|
|
|a ohne Hilfsmittel zu benutzen
|b n
|2 rdamedia
|
| 338 |
|
|
|a Band
|b nc
|2 rdacarrier
|
| 490 |
0 |
|
|a Collection Fac-Universités
|a Mémentos
|
| 490 |
0 |
|
|a Collection Fac Universités
|
| 500 |
|
|
|a Literaturverz. S. [185]
|
| 583 |
1 |
|
|a Archivierung prüfen
|c 20200919
|f DE-640
|z 2
|2 pdager
|
| 583 |
1 |
|
|a Archivierung prüfen
|c 20240324
|f DE-4165
|z 1
|2 pdager
|
| 583 |
1 |
|
|a Archivierung/Langzeitarchivierung gewährleistet
|c 20240722
|f NI-LastCopies
|x XA-DE-NI
|z Potenzieller Alleinbesitz Niedersachsen
|2 pdager
|5 DE-89
|
| 856 |
4 |
2 |
|u http://www.gbv.de/dms/spk/sbb/toc/279873506.pdf
|m V:DE-601
|m B:DE-1
|q pdf/application
|x Verlag
|y Inhaltsverzeichnis
|3 Inhaltsverzeichnis
|7 1
|
| 889 |
|
|
|w (DE-627)279873506
|
| 935 |
|
|
|i mdedup
|
| 935 |
|
|
|i Blocktest
|
| 936 |
b |
k |
|a 86.10
|j Recht einzelner Länder, Gebiete und Völker
|0 (DE-627)106422499
|
| 936 |
b |
k |
|a 86.36
|j Strafprozessrecht
|0 (DE-627)106413570
|
| 951 |
|
|
|a BO
|
| ELC |
|
|
|b 1
|
| LOK |
|
|
|0 000 xxxxxcx a22 zn 4500
|
| LOK |
|
|
|0 001 3232386377
|
| LOK |
|
|
|0 003 DE-627
|
| LOK |
|
|
|0 004 239559606
|
| LOK |
|
|
|0 005 19990116000000
|
| LOK |
|
|
|0 008 981216||||||||||||||||ger|||||||
|
| LOK |
|
|
|0 040
|a DE-21
|c DE-627
|d DE-21
|
| LOK |
|
|
|0 852
|a DE-21
|
| LOK |
|
|
|0 852 1
|c KB 8 E 7391
|9 00
|
| LOK |
|
|
|0 935
|a krim
|
| LOK |
|
|
|0 936ln
|a k5.2.3
|
| LOK |
|
|
|0 939
|a 16-12-98
|b l01
|
| ORI |
|
|
|a SA-MARC-krimdoka001.raw
|
| SIG |
|
|
|a UB: KB 8 E 7391
|